The Tempest (Record no. 12735)

MARC details
000 -LEADER
fixed length control field 00250nam a22000977a 4500
008 - FIXED-LENGTH DATA ELEMENTS--GENERAL INFORMATION
fixed length control field 250131b |||||||| |||| 00| 0 eng d
020 ## - INTERNATIONAL STANDARD BOOK NUMBER
International Standard Book Number 9789352231676
100 ## - MAIN ENTRY--PERSONAL NAME
Personal name Shakespeare William
9 (RLIN) 7823
245 ## - TITLE STATEMENT
Title The Tempest
260 ## - PUBLICATION, DISTRIBUTION, ETC. (IMPRINT)
Place of publication, distribution, etc. Noida
Name of publisher, distributor, etc. Maple Press
Date of publication, distribution, etc. 2024
Holdings
Withdrawn status Lost status Source of classification or shelving scheme Damaged status Koha normalized classification for sorting Not for loan Home library Current library Shelving location Date acquired Total Checkouts Full call number Barcode Date last seen Date last checked out Price effective from Koha item type
    Dewey Decimal Classification   SHA_822_000000000000000   Good Samaritan School Library Good Samaritan School Library LITERATURE 01/31/2025 1 SHA822 SHA18066 02/10/2025 01/31/2025 01/31/2025 BOOK

Powered by Koha